Día a día : (Registro nro. 14897)

Detalles MARC
000 -LEADER
fixed length control field 01075nam a2200313 i 4500
003 - CONTROL NUMBER IDENTIFIER
control field DO-SdBPM
005 - DATE AND TIME OF LATEST TRANSACTION
control field 20241219092332.0
007 - PHYSICAL DESCRIPTION FIXED FIELD--GENERAL INFORMATION
fixed length control field ta
008 - FIXED-LENGTH DATA ELEMENTS--GENERAL INFORMATION
fixed length control field 140626s2023 dr a c 000 0 spa d
020 ## - INTERNATIONAL STANDARD BOOK NUMBER
International Standard Book Number 9789945510539
040 ## - CATALOGING SOURCE
Original cataloging agency DO-SdBNP
Language of cataloging spa
Transcribing agency BPMSU
Description conventions rda
082 #4 - DEWEY DECIMAL CLASSIFICATION NUMBER
Classification number RD863.44
Item number C117d 2023
Edition number 22
100 1# - MAIN ENTRY--PERSONAL NAME
Personal name Cabral, Lucía Amelia,
Relator term autora
245 10 - TITLE STATEMENT
Title Día a día :
Remainder of title crónica de una aventura /
Statement of responsibility, etc. Lucia Amelia Cabral ; ilustraciones Adela Dore
264 ## - PRODUCTION, PUBLICATION, DISTRIBUTION, MANUFACTURE, AND COPYRIGHT NOTICE
Place of production, publication, distribution, manufacture Santo Domingo :
Name of producer, publisher, distributor, manufacturer Ministerio de Cultura
Date of production, publication, distribution, manufacture, or copyright notice 2023
300 ## - PHYSICAL DESCRIPTION
Extent 19 páginas :
Other physical details ilustraciones ;
Dimensions 27 cm.
336 ## - CONTENT TYPE
Source rdacontent
Content type term texto
Content type code txt
337 ## - MEDIA TYPE
Source rdamedia
Media type term sin mediación
Media type code n
338 ## - CARRIER TYPE
Source rdacarrier
Carrier type term volumen
Carrier type code nc
490 0# - SERIES STATEMENT
Series statement Biblioteca Infantil
590 ## - LOCAL NOTE (RLIN)
Local note Inventariado, 2024/VM
650 #4 - SUBJECT ADDED ENTRY--TOPICAL TERM
Topical term or geographic name as entry element Cuentos infantiles dominicanos
650 #4 - SUBJECT ADDED ENTRY--TOPICAL TERM
Topical term or geographic name as entry element Libros ilustrados para niños
650 #4 - SUBJECT ADDED ENTRY--TOPICAL TERM
Topical term or geographic name as entry element Literatura infantil dominicana
700 1# - ADDED ENTRY--PERSONAL NAME
Personal name Dore, Adela
Relator term ilustraciones
710 2# - ADDED ENTRY--CORPORATE NAME
Corporate name or jurisdiction name as entry element Ministerio de Cultura (República Dominicana)
910 ## - USER-OPTION DATA (OCLC)
User-option data VMateo V. Control de calidad BPMSU
942 ## - ADDED ENTRY ELEMENTS (KOHA)
Source of classification or shelving scheme Dewey Decimal Classification
Koha item type Libros
Existencias
Withdrawn status Lost status Source of classification or shelving scheme Damaged status Not for loan Collection code Home library Current library Date acquired Total Checkouts Full call number Barcode Date last seen Price effective from Koha item type Copy number
    Dewey Decimal Classification     Colección Infantil Dominicana Biblioteca Pública Metropolitana Salomé Ureña Biblioteca Pública Metropolitana Salomé Ureña 12/19/2024   BPMSU CDI RD863.44 C117d 2023 BPMSU24120049 12/19/2024 12/19/2024 Libros  
    Dewey Decimal Classification     Colección Infantil Dominicana Biblioteca Pública Metropolitana Salomé Ureña Biblioteca Pública Metropolitana Salomé Ureña 12/19/2024   BPMSU CDI RD863.44 C117d 2023 BPMSU24120050 12/19/2024 12/19/2024 Libros e.2
    Dewey Decimal Classification     Colección Infantil Dominicana Biblioteca Pública Metropolitana Salomé Ureña Biblioteca Pública Metropolitana Salomé Ureña 12/19/2024   BPMSU CDI RD863.44 C117d 2023 BPMSU24120051 12/19/2024 12/19/2024 Libros e.3